000 01012nam a2200217Ia 4500
001 225.924-LEO gi ap (19713)
003 IT-MiSPE
008 171229s9999||||xx |||||||||||||| ||und||
040 _aIT-MiSPE
_cIT-MiSPE
041 _aITALIANO
100 _aGiovanni Leonardi
245 0 _aApostoli al femminile
_bLe discepole del Signore nelle prime comunità cristiane
250 _a1a ed. (v)
260 _aPadova
_bEMP
_c1992
300 _a204 p.
_c21 cm
490 _aLampada ai miei passi
_v4
501 _aEdizioni San Paolo srl - Piazza Soncino, 5 - 20092 CINISELLO BALSAMO (MI) (non commercial uses only) ® Copyright 2018
942 _cBK
957 _71
999 _a6120
_bNO
_g Copie: 1
_c338899
_d338899